000 00393nam a2200157Ia 4500
005 20240830041240.0
008 240331s9999 xx 000 0 und d
082 _bGUN
_a792
100 _aGunawardana, A.J.
245 0 _aTheatre in Sri Lanka
260 _aSri Lanka
_bDepartment of cultural Affairs
_c1976
300 _a36 p .,
650 _aCulture
650 _aRitual Theature
942 _cL
999 _c3109
_d3109